[Event "16th EUR-ch"]
[Site "Jerusalem ISR"]
[Date "2015.03.03"]
[Round "7"]
[White "Berenboym, Igor"]
[Black "Kochavi, Ori"]
[Result "1-0"]
[WhiteElo "2112"]
[BlackElo "1607"]
[EventDate "2015.02.24"]
[PlyCount "49"]

1.e4 c5 2.Nf3 e6 3.d4 cxd4 4.Nxd4 a6 5.Nc3 Qc7 6.Bd3 Bc5 7.Be3 Nf6 8.O-O 
O-O 9.Kh1 Be7 10.f4 d6 11.Qf3 Nc6 12.Nxc6 bxc6 13.e5 dxe5 14.fxe5 Qxe5 15.
Qxc6 Bd7 16.Qf3 Qc7 17.Bg5 h6 18.Bxf6 Bxf6 19.Qe4 Rfb8 20.Qh7+ Kf8 21.Rae1
Bc6 22.Rxf6 gxf6 23.Rxe6 Bxg2+ 24.Kxg2 Qb7+ 25.Be4 1-0

[Event "16th EUR-ch"]
[Site "Jerusalem ISR"]
[Date "2015.03.03"]
[Round "7"]
[White "Lukin, Elisha"]
[Black "Mdivani, Maka"]
[Result "1/2-1/2"]
[WhiteElo "1721"]
[BlackElo "2105"]
[EventDate "2015.02.24"]
[PlyCount "127"]

1.d4 f5 2.Qd3 d5 3.g4 e6 4.Nc3 c6 5.gxf5 exf5 6.Bh3 g6 7.Nf3 Nf6 8.Bg5 Qd6
9.O-O-O b5 10.Ne5 b4 11.Na4 Ne4 12.Be3 Ba6 13.Qb3 Nd7 14.f3 Nef6 15.Bf4 
Nh5 16.Bg5 Nxe5 17.Qe3 f4 18.dxe5 fxe3 19.exd6 Bxd6 20.Bxe3 Nf4 21.Bf1 O-O
22.Re1 Rae8 23.Kd2 Bb5 24.b3 Bxa4 25.bxa4 c5 26.Bf2 d4 27.e3 dxe3+ 28.Rxe3
Be5 29.Bc4+ Kg7 30.Re4 Bc3+ 31.Kd1 Rxe4 32.fxe4 Rd8+ 33.Kc1 Bd4 34.Bg3 
Be3+ 35.Kb1 g5 36.h4 h6 37.hxg5 hxg5 38.e5 Rd4 39.Bxf4 Bxf4 40.Bd3 c4 41.
Bf5 Bxe5 42.Re1 Kf6 43.Be4 Bg3 44.Rf1+ Ke5 45.Bb7 g4 46.a5 Bf4 47.Kb2 g3 
48.a3 bxa3+ 49.Kxa3 Rd2 50.c3 Be3 51.Re1 Kf4 52.Rf1+ Kg4 53.Rf7 a6 54.Kb4 
g2 55.Bxg2 Rxg2 56.Rg7+ Bg5 57.Kxc4 Ra2 58.Kb4 Kf5 59.Ra7 Rb2+ 60.Ka3 Bc1 
61.Rf7+ Ke6 62.Rf1 Rb1+ 63.Ka2 Rb5 64.Rxc1 1/2-1/2

[Event "16th EUR-ch"]
[Site "Jerusalem ISR"]
[Date "2015.03.03"]
[Round "7"]
[White "Freiman, Mark"]
[Black "Nareznoy, David"]
[Result "0-1"]
[WhiteElo "1873"]
[BlackElo "2069"]
[EventDate "2015.02.24"]
[PlyCount "101"]

1.e4 e6 2.d4 d5 3.e5 c5 4.c3 Nc6 5.Nf3 Bd7 6.a3 h5 7.Be2 Nh6 8.O-O Be7 9.
dxc5 Bxc5 10.b4 Bb6 11.Bb2 Qe7 12.c4 dxc4 13.Bxc4 O-O-O 14.Nbd2 g5 15.Ne4 
g4 16.Nd6+ Kb8 17.Nd2 f5 18.Nb3 g3 19.Nc5 gxh2+ 20.Kh1 Bc8 21.Qe2 Bxc5 22.
bxc5 Rhg8 23.Qxh5 Ng4 24.Rae1 Rdf8 25.Qh3 Rg6 26.Qd3 Qg7 27.Nxc8 Kxc8 28.
f4 Rg8 29.Qe2 Qe7 30.Bb5 Nh6 31.Bxc6 bxc6 32.Qa6+ Qb7 33.Qxb7+ Kxb7 34.Rf2
Rd8 35.Bc3 Rg3 36.Rb2+ Ka6 37.Bb4 Ng4 38.Reb1 Rgd3 39.Re2 R8d4 40.Rf1 Kb5 
41.Rb2 Kc4 42.Rc2+ Kd5 43.Rcc1 Ke4 44.Rce1+ Re3 45.Rc1 Re2 46.Rf3 Kd5 47.
Rb1 Ree4 48.g3 Re2 49.Rfb3 Ke4 50.R3b2 Rxb2 51.Re1+ 0-1

[Event "16th EUR-ch"]
[Site "Jerusalem ISR"]
[Date "2015.03.03"]
[Round "7"]
[White "Tifferet, Shaked"]
[Black "Fainman, Tomer"]
[Result "1-0"]
[WhiteElo "2001"]
[BlackElo "1571"]
[EventDate "2015.02.24"]
[PlyCount "71"]

1.e4 c5 2.Nf3 e6 3.d4 cxd4 4.Nxd4 Nc6 5.Nc3 Nf6 6.Ndb5 Bb4 7.a3 Bxc3+ 8.
Nxc3 d5 9.exd5 exd5 10.Bd3 Qe7+ 11.Qe2 Qxe2+ 12.Nxe2 O-O 13.Bf4 Re8 14.O-O
Bd7 15.f3 Ne5 16.Bxe5 Rxe5 17.Nd4 Rae8 18.Kf2 Kf8 19.b4 g6 20.g4 Kg7 21.h4
h6 22.Rg1 h5 23.g5 Nh7 24.f4 Re3 25.Rae1 Rxe1 26.Rxe1 Rxe1 27.Kxe1 f5 28.
Bf1 Nf8 29.Kd2 Ne6 30.Nxe6+ Bxe6 31.Ke3 Kf7 32.Kd4 Ke7 33.Ke5 b6 34.c3 Bd7
35.Bg2 Bc6 36.Bxd5 1-0

[Event "16th EUR-ch"]
[Site "Jerusalem ISR"]
[Date "2015.03.03"]
[Round "7"]
[White "Lahav, Michal"]
[Black "Chazan, Yonatan"]
[Result "1-0"]
[WhiteElo "1886"]
[BlackElo "1961"]
[EventDate "2015.02.24"]
[PlyCount "109"]

1.e4 c5 2.Nf3 e6 3.c3 Nf6 4.Bd3 Nc6 5.Bc2 c4 6.O-O Qc7 7.Qe2 b5 8.a4 bxa4 
9.Qxc4 a5 10.Qxa4 Ba6 11.Re1 Bc5 12.d4 Ba7 13.e5 Nd5 14.Be4 Nce7 15.Nbd2 
O-O 16.Qc2 h6 17.Nf1 Bxf1 18.Rxf1 Bb8 19.Bd2 f5 20.Bd3 Rc8 21.Rfc1 Qb7 22.
Qa4 Ng6 23.Qb5 Qc7 24.g3 Qc6 25.Qxc6 dxc6 26.c4 Nde7 27.Bxa5 c5 28.Bb6 
Rxa1 29.Rxa1 cxd4 30.Bxd4 Nc6 31.Bc3 Ncxe5 32.Nxe5 Nxe5 33.Bf1 Bd6 34.Ra6 
Rc6 35.c5 Rxa6 36.cxd6 Nf3+ 37.Kg2 Nh4+ 38.gxh4 Rxd6 39.Be5 Rd5 40.f4 Rd2+
41.Kg3 Kf7 42.h5 Rd1 43.Kf2 Rd2+ 44.Be2 Rd7 45.b4 g5 46.hxg6+ Kxg6 47.b5 
Rb7 48.Ke3 Kf7 49.Kd4 Rd7+ 50.Kc5 Rd2 51.b6 Rxe2 52.b7 Rc2+ 53.Kb5 Rxh2 
54.b8=Q Rb2+ 55.Bxb2 1-0

[Event "16th EUR-ch"]
[Site "Jerusalem ISR"]
[Date "2015.03.03"]
[Round "7"]
[White "Travinsky, Mark"]
[Black "Samarin, Leonid"]
[Result "1-0"]
[WhiteElo "1958"]
[BlackElo "1748"]
[EventDate "2015.02.24"]
[PlyCount "59"]

1.d4 Nf6 2.Nf3 d5 3.c4 e6 4.Bg5 Be7 5.Nc3 h6 6.Bh4 dxc4 7.e3 Nd5 8.Bxe7 
Qxe7 9.Bxc4 Nxc3 10.bxc3 O-O 11.O-O b6 12.Qe2 Bb7 13.Ne5 Nd7 14.f4 Nxe5 
15.fxe5 Be4 16.Rf4 Bg6 17.h4 f5 18.a4 c6 19.Qf3 Bf7 20.Ba6 g5 21.hxg5 hxg5
22.Qg3 g4 23.Rff1 Kg7 24.e4 Bg6 25.exf5 Bxf5 26.Rf4 Rh8 27.Bd3 Raf8 28.
Rxg4+ Kf7 29.Rg7+ Ke8 30.Rxe7+ 1-0

[Event "16th EUR-ch"]
[Site "Jerusalem ISR"]
[Date "2015.03.03"]
[Round "7"]
[White "Vaturi, Eden"]
[Black "Belokopyt, Boris"]
[Result "1-0"]
[WhiteElo "1798"]
[BlackElo "1956"]
[EventDate "2015.02.24"]
[PlyCount "105"]

1.c4 Nf6 2.Nf3 e6 3.g3 d5 4.b3 c5 5.Bb2 Nc6 6.e3 Be7 7.Bg2 O-O 8.O-O Ne4 
9.d3 Bf6 10.Qe2 Bxb2 11.Qxb2 Qf6 12.Qxf6 Nxf6 13.Nc3 Bd7 14.d4 cxd4 15.
exd4 dxc4 16.bxc4 Rac8 17.Nb5 Na5 18.Nd6 Rc7 19.Ne5 Ne8 20.c5 f6 21.Nxd7 
Rxd7 22.Nxb7 Nxb7 23.c6 Rxd4 24.cxb7 Nc7 25.Rac1 Rd7 26.Rc5 Kf7 27.Rb1 Rb8
28.Ra5 a6 29.Bf1 Ke7 30.a4 Rd5 31.Rxd5 exd5 32.a5 g6 33.f4 f5 34.Rb6 d4 
35.Bc4 Kd7 36.Kf2 Ne8 37.Bxa6 Nd6 38.Bb5+ Nxb5 39.Rxb5 Kc6 40.a6 Kxb5 41.
a7 Rxb7 42.a8=Q Rd7 43.Qc8 Rd5 44.Ke2 Rc5 45.Qd7+ Kc4 46.Qxh7 Kc3 47.Qg7 
Rc4 48.Qxg6 d3+ 49.Kd1 Rb4 50.Qf6+ Kc4 51.Kd2 Rb3 52.Qe6+ Kb4 53.Qxb3+ 1-0

[Event "16th EUR-ch"]
[Site "Jerusalem ISR"]
[Date "2015.03.03"]
[Round "7"]
[White "Abend, Ilay"]
[Black "Vardi, Shlomit"]
[Result "1-0"]
[WhiteElo "1725"]
[BlackElo "1945"]
[EventDate "2015.02.24"]
[PlyCount "113"]

1.e4 d6 2.d4 Nf6 3.Nc3 g6 4.Nf3 c6 5.Bd3 Bg7 6.h3 b5 7.a3 a6 8.Be3 Qc7 9.
Ne2 Nbd7 10.c3 e5 11.Qd2 h6 12.Ng3 Bb7 13.O-O c5 14.d5 c4 15.Bc2 Nc5 16.a4
Nfd7 17.axb5 axb5 18.Rxa8+ Bxa8 19.Ra1 Bb7 20.Kf1 f6 21.h4 h5 22.Ng1 Bc8 
23.N1e2 Nb6 24.f3 Bf8 25.Nh1 Qf7 26.Ra5 Qd7 27.Nf2 Be7 28.g3 Bd8 29.Ra1 
Qf7 30.Qc1 Rg8 31.f4 exf4 32.gxf4 Qe7 33.Qd2 f5 34.e5 Ncd7 35.e6 Nf8 36.
Ng1 Qb7 37.Bxb6 Bxb6 38.Nf3 Nxe6 39.Re1 Rg7 40.Ng5 Bxf2 41.Kxf2 Qb6+ 42.
Kf1 Re7 43.dxe6 Qc6 44.Kg1 Bb7 45.Qh2 Kd8 46.Kf1 Kc7 47.Ke2 Re8 48.Qf2 Qg2
49.Qxg2 Bxg2 50.b3 Bd5 51.bxc4 Bxc4+ 52.Kd2 Bd5 53.Kc1 Bb7 54.Kb2 d5 55.
Kb3 Re7 56.Kb4 Kd6 57.Nf7+ 1-0

[Event "16th EUR-ch"]
[Site "Jerusalem ISR"]
[Date "2015.03.03"]
[Round "7"]
[White "Lukovski, Lev"]
[Black "Rave, Avraham"]
[Result "0-1"]
[WhiteElo "1932"]
[BlackElo "1824"]
[EventDate "2015.02.24"]
[PlyCount "132"]

1.b4 e5 2.Bb2 d6 3.e3 Nf6 4.Nf3 g6 5.d3 Bg7 6.Nbd2 O-O 7.Be2 b6 8.O-O Bb7 
9.Ne1 Qe7 10.a4 Nbd7 11.c4 c5 12.b5 Rfe8 13.e4 Nf8 14.Nb3 a5 15.bxa6 Bxa6 
16.Nc2 Ne6 17.Qd2 Qd7 18.Ra2 Bb7 19.Rfa1 Bc6 20.a5 b5 21.cxb5 Bxb5 22.Ne3 
Ba6 23.Rb1 Nf4 24.Bf1 Reb8 25.Bc3 Bh6 26.Kh1 Ne6 27.Qd1 Nd4 28.Bd2 Qe6 29.
Rab2 Qc8 30.h3 Nb5 31.g4 Bf4 32.Qf3 Qd8 33.Nc4 d5 34.Bxf4 dxe4 35.dxe4 
exf4 36.Nb6 Bb7 37.Nxc5 Nd4 38.Qxf4 Rxa5 39.Nxb7 Rxb7 40.g5 Nh5 41.Qd2 
Rxg5 42.Rd1 Qf6 43.Qe3 Ne6 44.Rb3 Nc5 45.Rb5 Nxe4 46.Qxe4 Rxb5 47.Qxb7 
Qxf2 48.Bg2 Rxb6 49.Qc7 Rb2 50.Qd8+ Kg7 51.Qd4+ Qxd4 52.Rxd4 Ng3+ 53.Kh2 
Nf5 54.Re4 g5 55.Kg1 Rb1+ 56.Kf2 Nh4 57.Bf1 Rb2+ 58.Be2 Kg6 59.Kf1 Nf5 60.
Kf2 h5 61.Ra4 h4 62.Ke1 Rb3 63.Bg4 Re3+ 64.Kf2 Re5 65.Ra6+ f6 66.Bd1 Rd5 
0-1

[Event "16th EUR-ch"]
[Site "Jerusalem ISR"]
[Date "2015.03.03"]
[Round "7"]
[White "Cohen, Itay"]
[Black "Chachashvili, Zuri"]
[Result "1-0"]
[WhiteElo "1871"]
[BlackElo "1818"]
[EventDate "2015.02.24"]
[PlyCount "91"]

1.e4 c5 2.Nf3 d6 3.d4 cxd4 4.Nxd4 Nf6 5.Nc3 a6 6.Be2 e5 7.Nb3 Be6 8.O-O 
Nbd7 9.Be3 b5 10.a3 Rc8 11.f4 exf4 12.Bxf4 Ne5 13.Qd4 Qc7 14.Rad1 Be7 15.
a4 Nc6 16.Qe3 bxa4 17.Nc5 Qa7 18.Nxe6 Qxe3+ 19.Bxe3 fxe6 20.Bxa6 Rb8 21.
Bb5 Kd7 22.Bxa4 Ng4 23.Bc1 Rhf8 24.h3 Rxf1+ 25.Rxf1 Ne5 26.Rd1 g5 27.b3 
Bf6 28.Nb5 Nf7 29.Ba3 Be5 30.Nd4 Bxd4+ 31.Rxd4 Kc7 32.Rc4 Ne5 33.Rc3 Rd8 
34.Bc1 h6 35.h4 gxh4 36.Bxh6 Kb7 37.Bxc6+ Nxc6 38.Bg5 Rh8 39.Rh3 Rh5 40.
Bxh4 Re5 41.Re3 d5 42.Bf6 Rh5 43.g4 Rh7 44.exd5 exd5 45.g5 Rf7 46.Re6 1-0

[Event "16th EUR-ch"]
[Site "Jerusalem ISR"]
[Date "2015.03.03"]
[Round "7"]
[White "Iliaguev, Daniel"]
[Black "Levin, Natan"]
[Result "0-1"]
[WhiteElo "1813"]
[BlackElo "1869"]
[EventDate "2015.02.24"]
[PlyCount "130"]

1.e4 c6 2.Nc3 d5 3.Nf3 e6 4.d4 Nf6 5.e5 Ng8 6.Bd3 Be7 7.O-O Nd7 8.Be3 h5 
9.Ne1 Nf8 10.f4 g6 11.Nf3 Nh6 12.Ne2 Bd7 13.c4 a6 14.c5 b6 15.b4 Nf5 16.
Bd2 Nh7 17.cxb6 Qxb6 18.a3 O-O 19.h3 h4 20.Qe1 Qd8 21.Bxf5 exf5 22.Nc1 Kg7
23.Nb3 Rh8 24.Nc5 Nf8 25.Qe2 Bxc5 26.bxc5 Ne6 27.Rab1 Qc7 28.Rb6 a5 29.a4 
Ra7 30.Rfb1 Qd8 31.Qe3 Qc7 32.Be1 Qd8 33.Bf2 Qe7 34.Qe1 Nxf4 35.Bxh4 Ne2+ 
36.Qxe2 Rxh4 37.Nxh4 Qxh4 38.Qf2 Qh5 39.Rb8 Rc7 40.Qe1 Be6 41.Qxa5 Rd7 42.
Qa8 Qh7 43.a5 f4 44.a6 f3 45.gxf3 Ra7 46.Rg8+ Qxg8 47.Qxa7 Qd8 48.Kf2 Qh4+
49.Ke2 Qxd4 50.Qb8 Qc4+ 51.Kf2 Qxa6 52.Qb4 Qa2+ 53.Rb2 Qa1 54.Kg2 Qc1 55.
Rd2 Qe1 56.Qd4 Qb1 57.f4 Qe1 58.Rf2 Kg8 59.h4 Bf5 60.Qd2 Be4+ 61.Kg3 Qg1+ 
62.Rg2 Qxc5 63.Rf2 Qa3+ 64.Kh2 Qa1 65.Kg3 Qg1+ 0-1

[Event "16th EUR-ch"]
[Site "Jerusalem ISR"]
[Date "2015.03.03"]
[Round "7"]
[White "Gorodetzky, Matan"]
[Black "Vardi, Moshe"]
[Result "1/2-1/2"]
[WhiteElo "1733"]
[BlackElo "1850"]
[EventDate "2015.02.24"]
[PlyCount "79"]

1.e4 e5 2.Nf3 Nc6 3.Bb5 a6 4.Ba4 Bc5 5.c3 Qf6 6.O-O h6 7.d4 exd4 8.e5 Qg6 
9.cxd4 Be7 10.Nc3 Nd8 11.Nd5 Ne6 12.Bc2 Qh5 13.Ne3 Ng5 14.Nxg5 Qxd1 15.
Bxd1 Bxg5 16.Nf5 g6 17.Bxg5 hxg5 18.Ng3 f5 19.exf6 Nxf6 20.Re1+ Kf8 21.Re5
g4 22.Rg5 Kf7 23.Bb3+ d5 24.Bxd5+ Nxd5 25.Rxd5 Be6 26.Rc5 c6 27.Ne4 Bd5 
28.Ng3 Rh4 29.a3 Rah8 30.Nf1 g3 31.fxg3 Rxd4 32.Ne3 Re8 33.Nxd5 cxd5 34.
Rc7+ Re7 35.Rac1 Re4 36.Rxe7+ Rxe7 37.Kf2 Kf6 38.Kf3 d4 39.Rc4 Re3+ 40.Kf2
1/2-1/2

[Event "16th EUR-ch"]
[Site "Jerusalem ISR"]
[Date "2015.03.03"]
[Round "7"]
[White "Cohen Revivo, Shoham"]
[Black "Gottfried, Jonathan"]
[Result "1-0"]
[WhiteElo "1838"]
[BlackElo "1653"]
[EventDate "2015.02.24"]
[PlyCount "121"]

1.e4 e5 2.d4 exd4 3.Qxd4 Nc6 4.Qe3 Nf6 5.Nc3 Bb4 6.Bd2 O-O 7.O-O-O Re8 8.
Bc4 d6 9.f3 Be6 10.Bxe6 Rxe6 11.Qf2 Ne5 12.g4 Nc4 13.Nge2 Nxd2 14.Rxd2 c6 
15.Rd3 Qa5 16.Qg3 Nd7 17.a3 Bc5 18.Nd4 Ne5 19.Rdd1 Bxa3 20.Nb1 Bxb2+ 21.
Kxb2 Nc4+ 22.Kb3 c5 23.Qe1 cxd4 24.Kxc4 Rc8+ 25.Kd3 Qb5+ 26.Kd2 Qc4 27.Rc1
a5 28.Qe2 Qb4+ 29.Kd1 a4 30.Qd3 d5 31.Re1 dxe4 32.Rxe4 Rxe4 33.fxe4 Ra8 
34.Nd2 a3 35.Nb3 a2 36.Ra1 Ra3 37.Qxd4 Qe7 38.Kc1 Ra8 39.Nd2 Rd8 40.Qc3 
Qe6 41.h3 h6 42.Kb2 Rc8 43.Qd4 Qc6 44.Qd3 Qf6+ 45.c3 Rd8 46.Qe3 Qd6 47.Kc2
Qa3 48.Qb6 Rd6 49.Qxb7 Qa4+ 50.Kc1 Rc6 51.Qb2 Ra6 52.Qb4 Qd7 53.Qb3 Qa7 
54.Kc2 Ra3 55.Qb4 Ra4 56.Qb5 Ra5 57.Qc4 Ra3 58.e5 Qa5 59.e6 fxe6 60.Qxe6+ 
Kh8 61.Qc8+ 1-0

[Event "16th EUR-ch"]
[Site "Jerusalem ISR"]
[Date "2015.03.04"]
[Round "8"]
[White "Sargissian, Gabriel"]
[Black "Volokitin, Andrei"]
[Result "1/2-1/2"]
[WhiteElo "2668"]
[BlackElo "2646"]
[EventDate "2015.02.24"]
[PlyCount "141"]

1.d4 Nf6 2.c4 g6 3.g3 c6 4.Nf3 Bg7 5.Bg2 d5 6.Qb3 O-O 7.Nc3 Qb6 8.O-O Rd8 
9.Rd1 Bf5 10.cxd5 Qxb3 11.axb3 Nxd5 12.Bg5 h6 13.Nxd5 cxd5 14.Bxe7 Re8 15.
Bb4 Rxe2 16.Bc3 Nc6 17.b4 Ree8 18.b5 Ne7 19.Ne5 Be4 20.f3 Bc2 21.Re1 Nf5 
22.f4 Be4 23.Bf1 g5 24.fxg5 hxg5 25.Bg2 Nxd4 26.Bxe4 Rxe5 27.Bxd4 Rxe4 28.
Rxe4 dxe4 29.Ra4 Bxd4+ 30.Rxd4 Re8 31.Kf2 Kg7 32.g4 e3+ 33.Ke2 Rh8 34.Rd5 
Kg6 35.b6 Rxh2+ 36.Kxe3 Rxb2 37.bxa7 Ra2 38.Rd6+ f6 39.Rb6 Rxa7 40.Kf3 
Ra3+ 41.Kf2 Ra7 42.Kf3 Kf7 43.Ke4 Ra3 44.Rxb7+ Kg6 45.Rb4 Rg3 46.Kd5 Re3 
47.Kd4 Re6 48.Rb5 Re1 49.Rb4 Kf7 50.Rb7+ Kg6 51.Rb4 Re7 52.Ra4 Kf7 53.Ra6 
Re1 54.Ra7+ Kg6 55.Ra4 Re5 56.Rb4 Re6 57.Rb5 Re8 58.Rb4 Kf7 59.Rb7+ Re7 
60.Rxe7+ Kxe7 61.Ke3 Kd8 62.Kd2 Kc8 63.Kc2 Kb8 64.Kd3 Kc8 65.Kc2 Kd8 66.
Kd2 Ke8 67.Ke2 Kf8 68.Kf2 Kf7 69.Kf3 Ke6 70.Ke4 f5+ 71.gxf5+ 1/2-1/2

[Event "16th EUR-ch"]
[Site "Jerusalem ISR"]
[Date "2015.03.04"]
[Round "8"]
[White "Popov, Ivan"]
[Black "Motylev, Alexander"]
[Result "1/2-1/2"]
[WhiteElo "2639"]
[BlackElo "2665"]
[EventDate "2015.02.24"]
[PlyCount "25"]

1.e4 e5 2.Nf3 Nf6 3.d4 Nxe4 4.Bd3 d5 5.Nxe5 Nd7 6.Nxd7 Bxd7 7.O-O Bd6 8.c4
c6 9.Nc3 O-O 10.cxd5 Nxc3 11.bxc3 cxd5 12.Qh5 g6 13.Qxd5 1/2-1/2

[Event "16th EUR-ch"]
[Site "Jerusalem ISR"]
[Date "2015.03.04"]
[Round "8"]
[White "Bartel, Mateusz"]
[Black "Eljanov, Pavel"]
[Result "1/2-1/2"]
[WhiteElo "2631"]
[BlackElo "2727"]
[EventDate "2015.02.24"]
[PlyCount "97"]

1.e4 c5 2.Nf3 e6 3.d4 cxd4 4.Nxd4 Nc6 5.Nc3 Qc7 6.g3 a6 7.Bg2 d6 8.Nxc6 
bxc6 9.O-O Bb7 10.Na4 c5 11.c4 Be7 12.f4 Rd8 13.Be3 Nf6 14.Nc3 Bc6 15.h3 
O-O 16.g4 Qb7 17.Qc2 d5 18.e5 d4 19.Bxc6 Qxc6 20.exf6 Bxf6 21.g5 Be7 22.
Bd2 dxc3 23.Bxc3 f6 24.Rae1 fxg5 25.f5 Rd6 26.Qe4 Qxe4 27.Rxe4 Bf6 28.Bxf6
Rxf6 29.fxe6 Rfxe6 30.Rxe6 Rxe6 31.Rf5 h6 32.Rxc5 Re2 33.b4 Rxa2 34.Rc8+ 
Kh7 35.c5 Rc2 36.Rc6 Rc4 37.Rb6 g4 38.h4 g3 39.Rxa6 Rxb4 40.Ra3 Rxh4 41.
Rc3 Rd4 42.c6 Rd8 43.c7 Rc8 44.Kg2 Kg6 45.Kxg3 Kg5 46.Rc1 Kf5 47.Kh4 Ke6 
48.Kh5 Kd6 49.Rd1+ 1/2-1/2

[Event "16th EUR-ch"]
[Site "Jerusalem ISR"]
[Date "2015.03.04"]
[Round "8"]
[White "Khairullin, Ildar"]
[Black "Sjugirov, Sanan"]
[Result "1/2-1/2"]
[WhiteElo "2629"]
[BlackElo "2678"]
[EventDate "2015.02.24"]
[PlyCount "31"]

1.d4 Nf6 2.c4 e6 3.Nf3 d5 4.Nc3 c6 5.e3 Nbd7 6.Qc2 Bd6 7.Bd3 O-O 8.O-O 
dxc4 9.Bxc4 c5 10.dxc5 Bxc5 11.e4 Qc7 12.Qe2 Ne5 13.Bf4 Bd6 14.Nxe5 Bxe5 
15.Bxe5 Qxe5 16.Qe3 1/2-1/2

[Event "16th EUR-ch"]
[Site "Jerusalem ISR"]
[Date "2015.03.04"]
[Round "8"]
[White "Romanov, Evgeny"]
[Black "Akopian, Vladimir"]
[Result "1/2-1/2"]
[WhiteElo "2625"]
[BlackElo "2660"]
[EventDate "2015.02.24"]
[PlyCount "95"]

1.d4 Nf6 2.c4 e6 3.Nf3 b6 4.g3 Bb7 5.Bg2 Bb4+ 6.Nbd2 c5 7.a3 Bxd2+ 8.Qxd2 
cxd4 9.Qxd4 Nc6 10.Qc3 Rc8 11.O-O Na5 12.b3 d5 13.Rd1 O-O 14.Bb2 Qe7 15.
Ne5 dxc4 16.Bxb7 Nxb7 17.bxc4 Nc5 18.a4 Nfe4 19.Qe3 f6 20.Nd3 e5 21.Ba3 
Rc7 22.f3 Nc3 23.Rd2 N3xa4 24.Nb4 Qf7 25.Nd5 Rd7 26.Rb1 Rfd8 27.Ra2 h5 28.
Bc1 Qe8 29.Kg2 Rc8 30.Ba3 Ne6 31.Ne7+ Rxe7 32.Bxe7 Rxc4 33.Rb4 Rxb4 34.
Bxb4 Nd4 35.Qa3 b5 36.Bc5 a5 37.Bxd4 exd4 38.Qb3+ Kh8 39.Qd3 Qe5 40.Kf2 
Nc5 41.Qa3 b4 42.f4 Qe7 43.Qxa5 b3 44.Rb2 Qe3+ 45.Kg2 Qe4+ 46.Kg1 Qe3+ 47.
Kg2 Qe4+ 48.Kg1 1/2-1/2

[Event "16th EUR-ch"]
[Site "Jerusalem ISR"]
[Date "2015.03.04"]
[Round "8"]
[White "Khismatullin, Denis"]
[Black "Stefansson, Hannes"]
[Result "1-0"]
[WhiteElo "2653"]
[BlackElo "2573"]
[EventDate "2015.02.24"]
[PlyCount "59"]

1.Nf3 d5 2.g3 g6 3.Bg2 Bg7 4.c4 dxc4 5.Na3 e5 6.O-O e4 7.Ne1 Nf6 8.Nxc4 
Be6 9.b3 O-O 10.Bb2 Nbd7 11.Rc1 Re8 12.Qc2 Bd5 13.Qb1 a5 14.Ne3 Bc6 15.
N1c2 Bb5 16.Rfe1 c5 17.a4 Bc6 18.Na3 b6 19.Nec4 Qc7 20.Nb5 Bxb5 21.axb5 a4
22.d3 axb3 23.Bc3 Ra4 24.Qxb3 Qa7 25.Nd6 Re6 26.Ra1 Rxa1 27.Rxa1 Qxa1+ 28.
Bxa1 Rxd6 29.dxe4 Rd2 30.Bc3 1-0

[Event "16th EUR-ch"]
[Site "Jerusalem ISR"]
[Date "2015.03.04"]
[Round "8"]
[White "Smirin, Ilia"]
[Black "Zhigalko, Andrey"]
[Result "1-0"]
[WhiteElo "2650"]
[BlackElo "2572"]
[EventDate "2015.02.24"]
[PlyCount "93"]

1.e4 c5 2.Nf3 d6 3.d4 cxd4 4.Nxd4 Nf6 5.Nc3 a6 6.f4 g6 7.Be2 Bg7 8.O-O O-O
9.Kh1 Nbd7 10.a4 Re8 11.a5 Nc5 12.Bf3 e5 13.Nb3 Nxb3 14.cxb3 b5 15.axb6 
Qxb6 16.f5 d5 17.fxg6 hxg6 18.exd5 e4 19.Be2 e3 20.Ra4 Bf5 21.g4 Bd7 22.
Rc4 Re5 23.Qd4 Qxd4 24.Rxd4 Rd8 25.Rfd1 Bc8 26.g5 Rxg5 27.Bxe3 Rf5 28.Bc4 
Bb7 29.Kg1 Bf8 30.Rf1 Bc5 31.Rxf5 gxf5 32.Rd3 Bxe3+ 33.Rxe3 Kf8 34.Re5 Bc8
35.h3 Rd6 36.Kg2 Nh5 37.Ne2 Rg6+ 38.Kf2 f6 39.Re3 f4 40.Rc3 Ke7 41.d6+ Kd8
42.Nd4 Ng7 43.Nc6+ Kd7 44.Ne7 Rg3 45.Nxc8 Kxc8 46.Be6+ Kb7 47.Bd5+ 1-0

[Event "16th EUR-ch"]
[Site "Jerusalem ISR"]
[Date "2015.03.04"]
[Round "8"]
[White "Gajewski, Grzegorz"]
[Black "Iljiushenok, Ilia"]
[Result "0-1"]
[WhiteElo "2646"]
[BlackElo "2450"]
[EventDate "2015.02.24"]
[PlyCount "108"]

1.d4 d5 2.c4 c6 3.Nc3 Nf6 4.e3 a6 5.Bd3 Bg4 6.Qb3 Ra7 7.h3 Bh5 8.cxd5 cxd5
9.g4 Bg6 10.Bxg6 hxg6 11.g5 Ne4 12.Nxe4 dxe4 13.d5 Nd7 14.Qa4 b5 15.Qxe4 
Nc5 16.Qd4 e5 17.dxe6 Qxg5 18.Ne2 fxe6 19.Ng3 Rd7 20.Qg4 Qf6 21.f4 Rh4 22.
Qf3 g5 23.Ne4 Nxe4 24.Qxe4 gxf4 25.exf4 Bc5 26.Rh2 Kf7 27.Rd2 Rd4 28.Rxd4 
Qxd4 29.Qxd4 Bxd4 30.Bd2 Rxh3 31.O-O-O Rh2 32.Kb1 Re2 33.Bc1 Be3 34.Bxe3 
Rxe3 35.Rd6 Re4 36.Rxa6 Rxf4 37.Kc2 g5 38.Kd3 g4 39.Ra7+ Kf6 40.Ra8 Kg7 
41.Ke3 g3 42.Kxf4 g2 43.Ra3 e5+ 44.Kxe5 g1=Q 45.Rb3 Qc5+ 46.Ke4 Qc4+ 47.
Ke3 b4 48.Kd2 Kf6 49.Rf3+ Ke5 50.a3 b3 51.Re3+ Kf4 52.Re2 Kf3 53.Re3+ Kf2 
54.Rc3 Qe2+ 0-1

[Event "16th EUR-ch"]
[Site "Jerusalem ISR"]
[Date "2015.03.04"]
[Round "8"]
[White "Esen, Baris"]
[Black "Najer, Evgeniy"]
[Result "0-1"]
[WhiteElo "2571"]
[BlackElo "2634"]
[EventDate "2015.02.24"]
[PlyCount "118"]

1.c4 e5 2.Nc3 Bb4 3.Nd5 a5 4.Nf3 e4 5.Nd4 c6 6.Nxb4 axb4 7.d3 d5 8.Bf4 Nf6
9.e3 O-O 10.Nb3 dxc4 11.dxc4 Qxd1+ 12.Kxd1 Na6 13.Kc2 Rd8 14.h3 c5 15.Be2 
Bd7 16.Rhd1 Ba4 17.g4 h6 18.h4 b6 19.g5 hxg5 20.hxg5 Ne8 21.Rh1 Nac7 22.
Rh4 Ne6 23.Rah1 Kf8 24.Bg3 Nxg5 25.Rh8+ Ke7 26.Bh4 f6 27.Bxg5 fxg5 28.R8h5
Bc6 29.Nc1 Rd6 30.Rxg5 Rad8 31.Rd1 Rxd1 32.Bxd1 Kf6 33.Rg2 Nd6 34.Be2 Rh8 
35.Nb3 Rh1 36.Nc1 g5 37.b3 Nf7 38.Kd2 Ne5 39.Rg3 Kf5 40.Bd1 Nf3+ 41.Kc2 
Rh2 42.Ne2 b5 43.Kc1 bxc4 44.bxc4 Kf6 45.Rg4 Rh1 46.Ng3 Re1 47.Nxe4+ Kf5 
48.Nxc5 Kxg4 49.Nd3 Rf1 50.Ne5+ Kh4 51.Nxc6 Rxf2 52.Nxb4 Ne5 53.c5 g4 54.
Bxg4 Kxg4 55.c6 Rf7 56.Kc2 Kf5 57.Kb3 Ke6 58.Ka4 Kd6 59.Kb5 Nxc6 0-1

[Event "16th EUR-ch"]
[Site "Jerusalem ISR"]
[Date "2015.03.04"]
[Round "8"]
[White "Goganov, Aleksey"]
[Black "Moiseenko, Alexander"]
[Result "0-1"]
[WhiteElo "2605"]
[BlackElo "2695"]
[EventDate "2015.02.24"]
[PlyCount "60"]

1.d4 Nf6 2.c4 e6 3.Nf3 Bb4+ 4.Bd2 Qe7 5.g3 Bxd2+ 6.Qxd2 Nc6 7.b3 Ne4 8.Qb2
d5 9.Bg2 b6 10.O-O Bb7 11.Nc3 O-O-O 12.Rac1 Kb8 13.e3 f5 14.a3 g5 15.b4 h5
16.h4 gxh4 17.Nxh4 Qf6 18.cxd5 exd5 19.Ne2 Rdg8 20.Rc2 Nd8 21.Nf4 Ne6 22.
Nd3 Rg7 23.Rfc1 Rhg8 24.Ne5 f4 25.Nhg6 fxg3 26.Bxe4 dxe4 27.d5 gxf2+ 28.
Kf1 Qg5 29.dxe6 Rxg6 30.Rxc7 Qg2+ 0-1

[Event "16th EUR-ch"]
[Site "Jerusalem ISR"]
[Date "2015.03.04"]
[Round "8"]
[White "Alexandrov, Alexei"]
[Black "Kryvoruchko, Yuriy"]
[Result "1/2-1/2"]
[WhiteElo "2603"]
[BlackElo "2692"]
[EventDate "2015.02.24"]
[PlyCount "80"]

1.d4 Nf6 2.c4 e6 3.Nc3 Bb4 4.e3 O-O 5.Bd3 c5 6.Nf3 d5 7.O-O cxd4 8.exd4 
dxc4 9.Bxc4 b6 10.Bg5 Bb7 11.Rc1 Nbd7 12.a3 Bxc3 13.Rxc3 Rc8 14.Nd2 h6 15.
Bh4 Nb8 16.Rd3 Nbd7 17.Bb5 Qc7 18.Nc4 a6 19.Bxd7 Nxd7 20.Rc3 Qf4 21.Bg3 
Qe4 22.f3 Qd5 23.Nd6 Rxc3 24.bxc3 b5 25.Nxb7 Qxb7 26.a4 Qd5 27.axb5 axb5 
28.Qd3 Rc8 29.Rb1 Rc4 30.Be1 Nc5 31.Qd1 Na4 32.Qb3 Qc6 33.Qxb5 Nxc3 34.
Bxc3 Rxc3 35.Qxc6 Rxc6 36.Rb8+ Kh7 37.Rb7 Kg6 38.Rd7 Rc2 39.h4 h5 40.Kh2 
Rd2 1/2-1/2

[Event "16th EUR-ch"]
[Site "Jerusalem ISR"]
[Date "2015.03.04"]
[Round "8"]
[White "Cheparinov, Ivan"]
[Black "Demchenko, Anton"]
[Result "1-0"]
[WhiteElo "2681"]
[BlackElo "2615"]
[EventDate "2015.02.24"]
[PlyCount "101"]

1.d4 Nf6 2.c4 e6 3.g3 d5 4.Nf3 Bb4+ 5.Bd2 Bxd2+ 6.Nbxd2 O-O 7.Bg2 Nbd7 8.
O-O c6 9.Qc2 b6 10.e4 Nxe4 11.Nxe4 dxe4 12.Qxe4 Bb7 13.Rac1 Qe7 14.c5 Rfe8
15.Qe3 e5 16.Rfe1 Qe6 17.Nxe5 Qxa2 18.Ra1 Qe6 19.Nxc6 bxc5 20.Qxe6 fxe6 
21.d5 e5 22.Nxa7 e4 23.Nb5 Rxa1 24.Rxa1 Bxd5 25.Nc7 Re5 26.Nxd5 Rxd5 27.
Bxe4 Rd2 28.Ra8+ Kf7 29.Bxh7 Rxb2 30.Ra7 Ke6 31.h4 Rd2 32.Kg2 Ke5 33.Kf3 
Kf6 34.Ke3 Rd6 35.Be4 Ne5 36.f3 Nc4+ 37.Kf4 Nd2 38.Rc7 c4 39.g4 Rd8 40.g5+
Ke6 41.Bf5+ Kd6 42.Rxg7 c3 43.Rf7 Nb3 44.g6 Nd4 45.g7 Ne6+ 46.Ke3 Rg8 47.
Rf6 Ke5 48.Bxe6 Rxg7 49.Rh6 Re7 50.f4+ Kd6 51.Kd3 1-0

[Event "16th EUR-ch"]
[Site "Jerusalem ISR"]
[Date "2015.03.04"]
[Round "8"]
[White "Alekseev, Evgeny"]
[Black "Grandelius, Nils"]
[Result "1/2-1/2"]
[WhiteElo "2677"]
[BlackElo "2609"]
[EventDate "2015.02.24"]
[PlyCount "156"]

1.e4 c5 2.Nf3 d6 3.d4 cxd4 4.Nxd4 Nf6 5.Nc3 g6 6.Be3 Bg7 7.f3 Nc6 8.Qd2 
O-O 9.O-O-O d5 10.exd5 Nxd5 11.Nxc6 bxc6 12.Bd4 Bxd4 13.Qxd4 Qb6 14.Bc4 
Ne3 15.Rd2 Nxc4 16.Qxc4 Be6 17.Qf4 Rab8 18.b3 c5 19.Nd5 Bxd5 20.Rxd5 Qa6 
21.Kb1 c4 22.h4 Rbd8 23.Qd4 Rxd5 24.Qxd5 cxb3 25.axb3 Qe2 26.g4 Rc8 27.Qd1
Qf2 28.h5 a5 29.Rf1 Qc5 30.Qd2 Rb8 31.h6 a4 32.Rd1 f6 33.Qd4 Qxd4 34.Rxd4 
axb3 35.c3 Kf7 36.Kb2 g5 37.Rd7 Rb6 38.c4 Rb4 39.c5 Ke6 40.Rc7 Rf4 41.Kxb3
Rxf3+ 42.Kc4 Rf4+ 43.Kb5 Rxg4 44.c6 Rh4 45.Rc8 Rxh6 46.Rd8 Rh1 47.c7 Rb1+ 
48.Ka4 Rc1 49.c8=Q+ Rxc8 50.Rxc8 Kf5 51.Kb3 Ke4 52.Kc2 Ke3 53.Kd1 Kf2 54.
Rc2+ Kf1 55.Re2 g4 56.Rxe7 g3 57.Rf7 g2 58.Rxf6+ Kg1 59.Ke2 Kh2 60.Kf3 
g1=N+ 61.Ke3 Nh3 62.Rf7 Kg3 63.Rg7+ Kh4 64.Rxh7+ Kg4 65.Rc7 Kf5 66.Rc5+ 
Kf6 67.Ke4 Ng5+ 68.Kd5 Kf5 69.Rc1 Kf4 70.Rh1 Nf3 71.Rh8 Ke3 72.Rf8 Nd2 73.
Re8+ Kd3 74.Ke5 Nc4+ 75.Kf4 Kd4 76.Rd8+ Kc5 77.Ke4 Nd6+ 78.Rxd6 Kxd6 
1/2-1/2